00614nam a22002057a 450000500170000001000130001702000230003003500130005303700160006604000120008208200150009410000220010924500860013126000530021727000580027030000250032850000190035365000170037265000190038920170124110216.0 aA-852810 c525.00a8121506808 aA-852810 bCen Lib/Ret aDPLbEN a792.8bRAN aRangacharya, Adya aThe Natyasastra :cby Adya Rangacharyabenglish translation with critical notes / aNew DelhibMunshiram Manoharlal Publishersc1996 aPost Box 5715, 54 Rani Jhansi RoadbNew Delhie110055 axxv,391p. c22cm(Hb) aIncludes index aMusic theory aSanskrit drama